Horrorfilme an Feiertagen - Statistiken

Allgemein
  • Dieses Quiz wurde 29 mal gespielt
  • Das Durchschnittsergebnis liegt bei 3 aus 7
Antwortstatistiken
Datum Horrorfilm % Korrekt
31. Oktober Halloween
96%
Freitag mit einer speziellen Nummer Freitag der 13.
92%
14. Februar Blutiger Valentinstag/My Bloody Valentine
38%
2. Sonntag im Mai Muttertag/Mother’s Day
15%
4. Donnerstag im November Thanksgiving
12%
21. März The Purge
12%
4. Juli Ich weiß, was du letzten Sommer getan hast
8%
Keine übereinstimmenden Quizze gefunden
Verteilung der Resultate
Anzahl Personen mit jedem Resultat
Perzentil nach korrekt beantworteten Fragen
Ihre Resultats-Entwicklung
Sie haben dieses Quiz noch nicht gespielt